000 00416pab a2200169 454500
008 180718b1988 xxu||||| |||| 00| 0 eng d
100 _aScott, Clyde,
245 _aHospital HR management
_bChanging functions ina changing environment
260 _c1988
300 _a52-6
362 _aFeb.
650 _aHospitals
700 _aTom Sanders
700 _aSharon Oswald
773 _aPersonnel
909 _a10112
999 _c10112
_d10112